Educational evaluation and policy analysis (Record no. 38170)

MARC details
000 -LEADER
fixed length control field 00542nam a2200169Ia 4500
022 ## - INTERNATIONAL STANDARD SERIAL NUMBER
ISSN 01623737
050 ## - CALL MARK
Classification number LB 1028 .E29/
245 #0 - TITLE STATEMENT
Title Educational evaluation and policy analysis
260 ## - PUBLICATION, DISTRIBUTION, ETC. (IMPRINT)
Place of publication California
260 ## - PUBLICATION, DISTRIBUTION, ETC. (IMPRINT)
Name of publisher American Educational Research Association
260 ## - PUBLICATION, DISTRIBUTION, ETC. (IMPRINT)
Year of publication 2010
300 ## - PHYSICAL DESCRIPTION
Number of Pages 352- 429 p. , ; 26 cm.
650 ## - SUBJECT ADDED ENTRY--TOPICAL TERM
Topical Term Education--Evaluation--Research--United States--Periodicals. Education--Research--United States--Periodicals.
942 ## - ADDED ENTRY ELEMENTS (KOHA)
Koha item type Serials

No items available.